Normal view
MARC view
- Al-Sarwai,Dr,Mohammad
Entry Personal Name
001 - CONTROL NUMBER
- control field: 2107
003 - CONTROL NUMBER IDENTIFIER
- control field: NUST
005 - DATE AND TIME OF LATEST TRANSACTION
- control field: 20170607101819.0
008 - FIXED-LENGTH DATA ELEMENTS
- fixed length control field: 170607|| aca||aabn | a|a d
040 ## - CATALOGING SOURCE
- Original cataloging agency: NUST
- Transcribing agency: NUST
100 ## - HEADING--PERSONAL NAME
- Personal name: Al-Sarwai,Dr,Mohammad
670 ## - SOURCE DATA FOUND
- Source citation: Work cat.: (NUST): Al-Sarwai,Dr,Mohammad, international conference on coastal zone management & Development:, 2002
